00684nam a2200181 i 4500001000700000003000900007005001700016007000300033008004100036100002900077245011700106260003300223300003500256700003800291852003200329999001900361952012200380141010ES-MaACL20230906200213.0t|070919s1965 sp ||||1| spa d1 aWilkinson, J. H.911686610aIntroducción al diagnóstico enzimático / cpor J. H. Wilkinson ; versión... de Rafael Masclans Masclans. aBarcelona : bToray, c1965. aXII, 310 p. : bil. ; c22 cm.1 aMasclans Masclans, Rafael.978696 aES-MaACLjC-27807 bR.57245 c141010d141010 00104070aATENEOMbATENEOMcDEPO2d2008-01-17eSCl0oC-27807p1146727r2023-02-23 00:00:00w2023-02-23yMONOGRAFIA